000
00352nam a2200157Ia 4500
003
OSt
005
20231211065050.0
008
170524s9999 xx 000 0 und d
020
_a
81-7024-714-4
040
_c
iimt
100
_a
Nirmal Kumar
245
0
_a
Tourism & Economics Development
260
_b
A.P.H. Pub.
260
_c
2004
942
_2
ddc
_c
02
999
_c
6761
_d
6761